<?xml version="1.0" encoding="UTF-8"?>
<record
    xmlns:xsi="http://www.w3.org/2001/XMLSchema-instance"
    xsi:schemaLocation="http://www.loc.gov/MARC21/slim http://www.loc.gov/standards/marcxml/schema/MARC21slim.xsd"
    xmlns="http://www.loc.gov/MARC21/slim">

  <leader>02557cam a22002414a 4500</leader>
  <datafield tag="020" ind1=" " ind2=" ">
    <subfield code="a">159385188X (cloth)</subfield>
  </datafield>
  <datafield tag="041" ind1=" " ind2=" ">
    <subfield code="a">ENG</subfield>
  </datafield>
  <datafield tag="082" ind1="0" ind2="0">
    <subfield code="a">100</subfield>
    <subfield code="b">BAR</subfield>
  </datafield>
  <datafield tag="100" ind1=" " ind2=" ">
    <subfield code="a">Barrett, Lisa Feldman</subfield>
  </datafield>
  <datafield tag="245" ind1="0" ind2="0">
    <subfield code="a">Emotion and consciousness </subfield>
  </datafield>
  <datafield tag="260" ind1=" " ind2=" ">
    <subfield code="a">New York :</subfield>
    <subfield code="b">Guilford Press,</subfield>
    <subfield code="c">2005.</subfield>
  </datafield>
  <datafield tag="300" ind1=" " ind2=" ">
    <subfield code="a">xii, 420 p. :</subfield>
    <subfield code="b">ill. ;</subfield>
  </datafield>
  <datafield tag="505" ind1="0" ind2=" ">
    <subfield code="a">Introductory chapter / Lisa Feldman Barrett, Paula Niedenthal, &amp; Piotr Winkielman -- Cognition and emotion -- Embodiment in the acquisition and use of emotion knowledge / Paula M. Niedenthal, Lawrence W. Barsalou, Fran&#xE7;ois Ric &amp; Silvia Krauth-Gruber -- The interaction of emotion and cognition: insights from studies of the human amygdala / Elizabeth A. Phelps -- Affect and the resolution of cognitive control dilemmas / Jeremy R. Gray, Alexandre Schaefer, Tood S. Braver &amp; Steven B. Most -- Unconscious emotional processing : perception of visual stimuli -- Caught by the evil eye : nonconscious information processing, emotion, and attention to facial stimuli / Daniel Lundqvist &amp; Arne &#xD6;hman -- Nonconscious emotions : new findings and perspectives on nonconscious facial expression recognition and their contents / Beatrice deGelder -- Visual emotion perception : mechanisms and processes / Anthony P. Atkinson &amp; Ralph Adolphs -- Emotional behavior -- Conscious and unconscious emotion in nonlinguistic vocal communication / Michael J. Owren, Drew Rendell &amp; Jo Anne Bachorowski -- Behavior systems and the contextual control of anxiety, fear, and panic / Mark E. Bouton -- The conscious experience of emotion -- Emotion experience and the indeterminacy of valence / Louis C. Charland -- The experience of emotion / Lisa Feldman Barrett -- Perspectives on the conscious-unconscious debate -- Emotion processes considered from the perspective of dual-process models / Eliot R. Smith &amp; Roland Neumann -- Unconscious processes in emotion : the bulk of the iceberg / Klaus Scherer -- Emotion, behavior, and conscious experience / Piotr Winkielman, Kent Berridge &amp; Julie Wilbarger -- Emotions, embodiment, and awareness / Jesse J. Prinz -- The seven deadly sins of research on affect / Gerald L. Clore, Justin Storbeck, Michael D. Robinson &amp; David Centerbar.</subfield>
  </datafield>
  <datafield tag="650" ind1=" " ind2="0">
    <subfield code="a">Consciousness.</subfield>
  </datafield>
  <datafield tag="650" ind1=" " ind2="0">
    <subfield code="a">Emotions.</subfield>
  </datafield>
  <datafield tag="650" ind1=" " ind2="0">
    <subfield code="a">Emotions and cognition.</subfield>
  </datafield>
  <datafield tag="700" ind1="1" ind2=" ">
    <subfield code="a">Barrett, Lisa Feldman.</subfield>
  </datafield>
  <datafield tag="700" ind1="1" ind2=" ">
    <subfield code="a">Niedenthal, Paula M.</subfield>
  </datafield>
  <datafield tag="700" ind1="1" ind2=" ">
    <subfield code="a">Winkielman, Piotr.</subfield>
  </datafield>
  <datafield tag="856" ind1="4" ind2="1">
    <subfield code="u">http://www.loc.gov/catdir/toc/ecip056/2005001276.html</subfield>
  </datafield>
  <datafield tag="856" ind1="4" ind2="2">
    <subfield code="u">http://www.loc.gov/catdir/enhancements/fy0621/2005001276-b.html</subfield>
  </datafield>
  <datafield tag="942" ind1=" " ind2=" ">
    <subfield code="c">BK</subfield>
  </datafield>
  <datafield tag="952" ind1=" " ind2=" ">
    <subfield code="0">0</subfield>
    <subfield code="1">0</subfield>
    <subfield code="4">0</subfield>
    <subfield code="7">0</subfield>
    <subfield code="a">HMI</subfield>
    <subfield code="b">HMI</subfield>
    <subfield code="c">GEN</subfield>
    <subfield code="d">2019-10-09</subfield>
    <subfield code="l">1</subfield>
    <subfield code="o">100 BAR</subfield>
    <subfield code="p">25616</subfield>
    <subfield code="r">2019-11-08</subfield>
    <subfield code="s">2019-11-05</subfield>
    <subfield code="w">2019-10-09</subfield>
    <subfield code="y">BK</subfield>
  </datafield>
  <datafield tag="999" ind1=" " ind2=" ">
    <subfield code="c">22737</subfield>
    <subfield code="d">22737</subfield>
  </datafield>
</record>
